Recurso extraordinario por salto de instancia

Đã lưu trong:
Chi tiết về thư mục
Tác giả chính: Creo Bay, Horacio D (Tác giả)
Định dạng: Sách
Ngôn ngữ:Tiếng Tây Ban Nha
Được phát hành: Buenos Aires Astrea de Alfredo y Ricardo Depalma 1990
Những chủ đề:
Các nhãn: Thêm thẻ
Không có thẻ, Là người đầu tiên thẻ bản ghi này!

MARC

LEADER 00000nam a2200000 a 4500
001 UCV3154
003 CL-VaPUC
008 930421e19900000AG |||||||||||||||||spa|d
082 0 4 |a 347.05  |b CRE  |2 21 
100 0 |a Creo Bay, Horacio D  |e author  |9 297401 
245 1 0 |a Recurso extraordinario por salto de instancia 
300 |a 112 p 
942 |c BK 
945 |d 19930421 00:00:00 
260 |a Buenos Aires  |b Astrea de Alfredo y Ricardo Depalma  |c 1990 
650 0 |a Derecho procesal penal  |9 255496 
650 0 |a Proceso judicial  |9 258564 
650 0 |a Sentencias  |9 256250 
650 7 |a RECURSOS EXTRAORDINARIOS DERECHO  |2 CL-VaPUC  |9 258771 
651 0 |a Argentina  |9 254888 
583 |a last modification  |c 19930421 00:00:00  |k Rodrigo Vera 
999 |c 210476  |d 210474 
952 |0 0  |1 0  |4 0  |6 347_050000000000000_CRE_1990  |7 0  |8 A  |9 186760  |a BIBDER  |b BIBDER  |d 2019-11-14  |i 254363K  |o 347.05 CRE 1990  |p 254363K  |r 2023-01-25  |w 2019-11-14  |y BK  |k DER